| 000 | 01349cam a2200361 a 4500 | ||
|---|---|---|---|
| 999 |
_c29321 _d29292 |
||
| 001 | 015442626 | ||
| 003 | EG-ScBUE | ||
| 005 | 20210804132924.0 | ||
| 008 | 091202t2011 mauabc f b 001 0 eng d | ||
| 020 | _a9780495802785 (pbk.) | ||
| 020 | _a0495802786 (pbk.) | ||
| 035 | _a(WlAbNL)vtls006046550 | ||
| 040 |
_aStDuBDS _beng _erda _cStDuBDS _dUk |
||
| 082 | 0 | 4 |
_a327.09051 _bKEG _222 |
| 100 | 1 |
_aKegley, Charles W., _eauthor. _911140 |
|
| 245 | 1 | 0 |
_aWorld politics : _btrend and transformation / _cCharles William Kegley, Carnegie Council for Ethics in International Affairs and Shannon Lindsey Blanton, The University of Memphis. |
| 250 |
_a2010-2011 edition, _bInternational edition. |
||
| 264 | 1 |
_aBoston, MA : _bWadsworth Cengage Learning, _c[2011] |
|
| 264 | 4 | _cc2011 | |
| 300 |
_axxxii, 670 pages : _bcolor illustrations, color maps, color portraits ; _c26 cm |
||
| 336 |
_atext _2rdacontent _btxt |
||
| 337 |
_aunmediated _2rdamedia _bn |
||
| 338 |
_avolume _2rdacarrier _bnc |
||
| 500 | _aMaps on inside covers. | ||
| 504 | _aIncludes bibliographical references and index. | ||
| 650 | 7 |
_aWorld politics _y1989- _2BUEsh |
|
| 650 | 7 |
_aInternational relations. _2BUEsh |
|
| 653 |
_bBUSBOL _cAugust2021 |
||
| 655 |
_vReading book _934232 |
||
| 700 | 1 |
_aBlanton, Shannon Lindsey, _eauthor. |
|
| 942 |
_2ddc _cBB |
||